Crowd-Sourced General Knowledge #9 - Statistics

General Stats
  • This quiz has been taken 32,943 times
  • The average score is 13 of 20
Answer Stats
Question Answer % Correct
Who proposed the law that things in motion tend to stay in motion? Isaac Newton
92%
What type of cells contain hemoglobin? Red blood cells
85%
What famous ship was built in Belfast between 1909–1912? RMS Titanic
85%
What legendary king was given a sword by a "watery tart"? King Arthur
76%
What calendar rolled over to 13.0.0.0.0 on December 21st, 2012, leading stupid people to predict a worldwide apocalypse? Mayan Calendar
76%
Which country's capital was named after the Duke of Wellington? New Zealand's
74%
What is the name of the boy who owns the toys in "Toy Story"? Andy
72%
What does the Russian word "babushka" mean? Grandmother
70%
What island was settled by Erik the Red in the year 985? Greenland
65%
What city is sinking into the Adriatic Sea at a rate of 2mm every year? Venice
64%
What terrorist organization was historically associated with the Sinn Féin party? Provisional IRA
62%
What children's book is translated as "Huevos Verdes Con Jamón" in Spanish? Green Eggs and Ham
61%
What cute pet is commonly eaten as food in Andean countries? Guinea pigs
59%
What Leonardo DiCaprio movie tells the "true" story of con man Frank Abagnale Jr.? Catch Me If You Can
58%
What is a common synonym of the word thespian? Actor
57%
What period of world history started on "Black Thursday"? The Great Depression
47%
What language is the "lingua franca" of Tanzania, Kenya and Uganda even though very few people speak it as a first language? Swahili
43%
In what city can one visit Park Güell to the see the famous Gaudi salamander? Barcelona
41%
Name one of the four countries on the Barbary Coast. Morocco / Algeria / Tunisia / Libya
37%
In what event did British athlete Paula Radcliffe once hold the women's world record? Marathon
36%
No matching quizzes found
Score Distribution
Percent of People with Each Score
Percentile by Number Answered
Your Score History
You have not taken this quiz